Statistiques concernant Culture Générale - Série 1653

Cliquez ici pour prendre le quiz!

Statistiques générales

  • Ce quiz a été pris 97 fois
  • Le résultat moyen est 7 sur 10

Statistiques - réponses

QuestionRéponse% Correct
Qu'est-ce qui peut être "bien pendue" dans la bouche, vivante ou étrangère à l'école ?langue
99%
Quelle graminée, appelée "paddy" quand elle n'est pas décortiquée, cuisine-t-on "au lait" ou "pilaf" ?riz
90%
Quel mot anglais, signifiant "insecte", désigne un problème informatique ?bug
84%
Quel nom désigne une personne âgée de 60 à 69 ans ?sexagénaire
82%
Dans quel département est située la ville de Carcassonne ?Aude
64%
Dans le film d'animation "Lascars", quel comédien, prénommé Vincent, "césarisé" en 2009, est la voix de Tony Merguez ?Vincent Cassel
64%
Quel président de la Ve République inaugure la naissance du TGV, un 22 septembre au Creusot ?François Mitterrand
63%
En cuisine, quelle est la forme de légumes taillés en brunoise ?dés
60%
Quel pays d'Afrique occidentale a pour capitale fédérale Abuja ?Nigeria
51%
Quel arbre d'Afrique, du genre Vitellaria paradoxa, surnomme-t-on "l'arbre à beurre" ?karité
33%

Distribution des résultats

Percentile par nombre de réponses

% des personnes avec chaque résultat

Votre développement - résultats

Vous n’avez pas pris ce quiz